Quarterly Economic and Budgetary Review (Record no. 626)
[ view plain ]
| 000 -LEADER | |
|---|---|
| fixed length control field | 00317nam a22001097a 4500 |
| 008 - FIXED-LENGTH DATA ELEMENTS--GENERAL INFORMATION | |
| fixed length control field | 230606b xxu||||| |||| 00| 0 eng d |
| 082 ## - DEWEY DECIMAL CLASSIFICATION NUMBER | |
| Classification number | 338.9 |
| Item number | KEN |
| 245 ## - TITLE STATEMENT | |
| Title | Quarterly Economic and Budgetary Review |
| Remainder of title | Third Quarter 2007/2008 |
| 260 ## - PUBLICATION, DISTRIBUTION, ETC. (IMPRINT) | |
| Place of publication, distribution, etc. | Nairobi,Kenya |
| Name of publisher, distributor, etc. | Ministry of Finance |
| Date of publication, distribution, etc. | May,2008 |
| 300 ## - PHYSICAL DESCRIPTION | |
| Extent | 34p |
| 942 ## - ADDED ENTRY ELEMENTS (KOHA) | |
| Source of classification or shelving scheme | Dewey Decimal Classification |
| Koha item type | Books |
| Withdrawn status | Lost status | Source of classification or shelving scheme | Damaged status | Not for loan | Home library | Current library | Date acquired | Total Checkouts | Full call number | Barcode | Date last seen | Price effective from | Koha item type |
|---|---|---|---|---|---|---|---|---|---|---|---|---|---|
| Dewey Decimal Classification | Bunge Tower Library | Bunge Tower Library | 06/06/2023 | 338.9 KEN | 10015024 | 06/06/2023 | 06/06/2023 | Books | |||||
| Dewey Decimal Classification | Bunge Tower Library | Bunge Tower Library | 06/06/2023 | 338.9 KEN | 10015025 | 06/06/2023 | 06/06/2023 | Books |
